Τα Νέα [εφημερίδα] | έπαλξη εθνικών και κοινωνικών αγώνων (Record no. 6287)
[ view plain ]
| 000 -ΕΤΙΚΕΤΑ ΕΓΓΡΑΦΗΣ (LEADER) | |
|---|---|
| Σταθερού μήκους πεδίο ελέγχου | 00915nas a2200265 4500 |
| 003 - PERSISTENT ΑΝΑΓΝΩΡΙΣΤΙΚΟ ΕΓΓΡΑΦΗΣ | |
| Πεδίο ελέγχου | GR-kaGGEEl |
| 005 - ΤΑΥΤΟΤΗΤΑ ΕΚΔΟΧΗΣ | |
| Πεδίο ελέγχου | 20220622205358.0 |
| 035 ## - ΑΡΙΘΜΟΙ ΕΛΕΓΧΟΥ ΑΛΛΩΝ ΣΥΣΤΗΜΑΤΩΝ | |
| Αριθμός ελέγχου συστήματος | 8992 |
| 100 ## - ΓΕΝΙΚΑ ΔΕΔΟΜΕΝΑ ΕΠΕΞΕΡΓΑΣΙΑΣ | |
| Γενικά δεδομένα επεξεργασίας | 20100512b19691989k y0grey50 ga |
| 101 0# - ΓΛΩΣΣΑ ΤΟΥ ΠΟΡΟΥ | |
| Γλώσσα κειμένου, soundtrack, κλπ. | Ελληνική γλώσσα (1453-) |
| 102 ## - ΧΩΡΑ ΔΗΜΟΣΙΕΥΣΗΣ Ή ΠΑΡΑΓΩΓΗΣ | |
| Χώρα δημοσίευσης | Κύπρος |
| 106 ## - ΠΕΔΙΟ ΚΩΔΙΚΟΠΟΙΗΜΕΝΩΝ ΔΕΔΟΜΕΝΩΝ: ΥΛΙΚΟ ΜΕ ΚΕΙΜΕΝΟ - ΜΟΡΦΗ | |
| Textual Material Coded Data Physical Medium Designator | e |
| 110 ## - ΠΕΔΙΟ ΚΩΔΙΚΟΠΟΙΗΜΕΝΩΝ ΔΕΔΟΜΕΝΩΝ: ΠΕΡΙΟΔΙΚΑ ΔΗΜΟΣΙΕΥΜΑΤΑ | |
| Κωδικοποιημένα δεδομένα περιοδικού δημοσιεύματος | c||| 0||| |
| 200 1# - ΤΙΤΛΟΣ ΚΑΙ ΔΗΛΩΣΗ ΠΝΕΥΜΑΤΙΚΗΣ ΥΠΕΥΘΥΝΟΤΗΤΑΣ | |
| Κύριος Τίτλος | Τα Νέα [εφημερίδα] |
| Υπότιτλος | έπαλξη εθνικών και κοινωνικών αγώνων |
| 210 ## - ΔΗΜΟΣΙΕΥΣΗ, ΔΙΑΘΕΣΗ κ.λ.π. | |
| Τόπος δημοσίευσης, διάθεσης, κλπ. | Λευκωσία |
| Ημερομηνία δημοσίευσης, διάθεσης κλπ. | 1969 - 1989 |
| 310 ## - ΣΗΜΕΙΩΣΕΙΣ ΣΧΕΤΙΚΕΣ ΜΕ ΤΗ ΒΙΒΛΙΟΓΡΑΦΙΑ ΚΑΙ ΤΗ ΔΙΑΘΕΣΙΜΟΤΗΤΑ | |
| Κείμενο της σημείωσης | Η εφημερίδα είναι δεμένη σε 2 τόμους μεγάλου μεγέθους. |
| 310 ## - ΣΗΜΕΙΩΣΕΙΣ ΣΧΕΤΙΚΕΣ ΜΕ ΤΗ ΒΙΒΛΙΟΓΡΑΦΙΑ ΚΑΙ ΤΗ ΔΙΑΘΕΣΙΜΟΤΗΤΑ | |
| Κείμενο της σημείωσης | Η βιβλιοθήκη διαθέτει τα εξής: 1973 (Ιαν.-Οκτ.), 1974 (Μαρτ.-Ιουν.) |
| 606 1# - ΘΕΜΑΤΙΚΟ ΣΗΜΕΙΟ ΠΡΟΣΒΑΣΗΣ - ΘΕΜΑΤΙΚΟ ΟΝΟΜΑ | |
| Στοιχείο αναγραφής | Τύπος, Κυπριακός |
| Εσωτερικός κωδικός Koha | 23970 |
| 607 ## - ΘΕΜΑΤΙΚΟ ΣΗΜΕΙΟ ΠΡΟΣΒΑΣΗΣ - ΓΕΩΓΡΑΦΙΚΟ ΟΝΟΜΑ | |
| Στοιχείο αναγραφής | Κύπρος |
| Θεματική υποδιαίρεση | Εφημερίδες |
| Εσωτερικός κωδικός Koha | 16682 |
| 676 ## - ΔΕΚΑΔΙΚΗ ΤΑΞΙΝΟΜΗΣΗ DEWEY (DDC) | |
| Αριθμός | 079.5645 |
| 942 ## - ADDED ENTRY ELEMENTS (KOHA) | |
| Τύπος αντιτύπου Koha | Continuing Resources |
No items available.